Chicago Blackhawks Records - Statistics

General Stats
  • This quiz has been taken 268 times
  • The average score is 7 of 26
Answer Stats
Hint Answer % Correct
Most Goals 604 Bobby Hull
82%
Most Games Played 1394 Stan Mikita
78%
Most Wins as a Goaltender 418 Tony Esposito
59%
(Team Record) Presidents Trophies 1
46%
(Team Record) Stanley Cups 4
46%
(Team Record) Conference Championships 2
42%
Most Penalty Minutes 1495 Chris Chelios
40%
Most Points in a Single Season 131 Denis Savard
39%
(Team Record) Fewest Wins in a Single Season '54 12
36%
Most Powerplay Goals in a Single Season 24 Jeremy Roenick
35%
(Team Record) Fewest Losses in a Single Season '74 14
34%
(Team Record) Division Championships 14
34%
(Team Record) Most Shutouts '70 15
30%
Most Consecutive Games Played 884 Steve Larmer
23%
(Team Record) Most Losses in a Single Season '54 51
21%
(Team Record) Most Wins in a Single Season '10 52
21%
Most Shorthanded Goals in a Single Season 10 Drik Graham
7%
Most Penalty Minutes in a Single Season 408 Mike Peluso
5%
Best Save Percentage (30 Game Minimum) .913 Jeff Hackett
2%
Most Points In a Single Game 7 Max Bentley
2%
(Team Record) Most Goals For in a Single Season '86 351
1%
(Team Record) Most goals Against in a single Season '82 363
1%
Most Goals in a Single Game 5 Grant Mulvey
1%
(Team Record) Most Penalty Minutes '92 2663
0%
Lowest GAA (30 Game Minimum) 1.80 Lorne Chabot
0%
Most Assists in a Single Game 6 Pat Stapleton
0%
No matching quizzes found
Score Distribution
Percent of People with Each Score
Percentile by Number Answered
Your Score History
You have not taken this quiz